Word Ladder #5 - Fab Four Edition - Statistics

General Stats
  • This quiz has been taken 436 times
  • The average score is 12 of 17
Answer Stats
Hint Answer % Correct
Beatle and gospel writer. John
93%
Flag Day month. June
92%
Beatle and epistle writer. Paul
89%
The remaining Beatle. Ringo
87%
Sex party. Orgy
85%
Beatle and dragon slayer. George
81%
Betting or Olympic-sized ____. Pool
78%
Pizza spice. Oregano
76%
Bach’s instrument. Organ
76%
Church basement game. Bingo
67%
Hawaiian harbor. Pearl
67%
You’re _______ a dead horse. Beating
64%
Bulimic’s binge & _____. Purge
64%
Scarab, for example. Beetle
63%
Gershwin’s “_____ and Bess.” Porgy
61%
Precious stone. Jewel
58%
“_____ for the Benefit of Mr. Kite” Being
23%
No matching quizzes found
Score Distribution
Percent of People with Each Score
Percentile by Number Answered
Your Score History
You have not taken this quiz